Genetics, genetic engineering and biotechnology in fisheries (Record no. 195858)

MARC details
000 -LEADER
fixed length control field 00719nam a22002417a 4500
003 - CONTROL NUMBER IDENTIFIER
control field OSt
020 ## - INTERNATIONAL STANDARD BOOK NUMBER
International Standard Book Number 9788171641499
082 ## - DEWEY DECIMAL CLASSIFICATION NUMBER
Classification number 597
Item number LAK/GE
100 ## - MAIN ENTRY--PERSONAL NAME
Personal name Lakra, W S
245 ## - TITLE STATEMENT
Title Genetics, genetic engineering and biotechnology in fisheries
260 ## - PUBLICATION, DISTRIBUTION, ETC. (IMPRINT)
Place of publication, distribution, etc New Delhi
Name of publisher, distributor, etc Indian Council of Agricultural Research
Date of publication, distribution, etc 2013
300 ## - PHYSICAL DESCRIPTION
Extent viii, 2019p.
500 ## - GENERAL NOTE
General note Genetics genetic engineering and biotechnology in fisheries
546 ## - LANGUAGE
Language note English
650 ## - SUBJECT ADDED ENTRY--TOPICAL TERM
Topical term or geographic name as entry element DNA barcoding
650 ## - SUBJECT ADDED ENTRY--TOPICAL TERM
Topical term or geographic name as entry element Transgenic fishes
650 ## - SUBJECT ADDED ENTRY--TOPICAL TERM
Topical term or geographic name as entry element Vaccine for fish
650 ## - SUBJECT ADDED ENTRY--TOPICAL TERM
Topical term or geographic name as entry element Chromosomal engineering
650 ## - SUBJECT ADDED ENTRY--TOPICAL TERM
Topical term or geographic name as entry element Biosecurity in aquaculture
650 ## - SUBJECT ADDED ENTRY--TOPICAL TERM
Topical term or geographic name as entry element Future transgenic technology
700 ## - ADDED ENTRY--PERSONAL NAME
Personal name Gopalkrishnan, A
942 ## - ADDED ENTRY ELEMENTS (KOHA)
Source of classification or shelving scheme Dewey Decimal Classification
Koha item type Books (General)
Holdings
Lost status Source of classification or shelving scheme Damaged status Not for loan Collection code Home library Current library Shelving location Date acquired Cost, normal purchase price Total Checkouts Full call number Barcode Date last seen Koha item type
  Dewey Decimal Classification     General KAU Central Library, Thrissur KAU Central Library, Thrissur General 26/04/2021 400.00   597 LAK/GE 230904 26/04/2021 Books (General)
Kerala Agricultural University Central Library
Thrissur-(Dt.), Kerala Pin:- 680656, India
Ph : (+91)(487) 2372219
E-mail: librarian@kau.in
Website: http://library.kau.in/